| 000 | 007460000a22002290004500 | ||
|---|---|---|---|
| 090 |
_aAs _bSeriadas |
||
| 100 | 1 |
_aDueñas Gómez, Hilda del Carmen _999254 |
|
| 700 | 1 |
_aFernández Alonso, José Luis _94621 |
|
| 245 | 1 | 0 |
_aSinopsis de la subfamilia Spira Anthoideae (Orchidaceae) en Colombia _sparte II |
| 041 | 0 | _aEspañol | |
| 650 | 1 | 4 |
_aTaxonomía vegetal _992262 |
| 650 | 1 | 4 |
_aNuevos registros _994719 |
| 651 | 4 |
_pColombia _992749 |
|
| 653 | _gSpirantheae | ||
| 653 | _gCyclopogoninae | ||
| 653 | _gStenorrhynchidinae | ||
| 653 | _gCranichideae | ||
| 653 | _gOrchidaceae | ||
| 653 | _gSpirantheae | ||
| 942 | _cARTICULO | ||
| 773 | 1 |
_tRevista de la Academia Colombiana de Ciencias Exactas, Físicas y Naturales _h127 _q157-181 _d2009 _g33 |
|
| 999 |
_c16277 _d16277 |
||